00562nam a2200169Ia 4500008004100000020001900041082001400060100001900074245004300093250001200136260003600148300001500184600002600199942000700225952014300232999001700375251118s9999 xx 000 0 und d a978-0070273559 a004.2 HAY aHayes, John P. 0aComputer Architecture and Organization a3rd ed. aBoston:bWCB McGraw-Hill,c1998 axiv, 604p. aComputer architecture cGB 00104070aUITUbUITUcGIFd2025-11-18eGifted by Anonymousl0o004.2 HAYpG374r2025-11-18 16:02:52w2025-11-18yGBzGifted by Anonymous c31652d31652